| 000 -LEADER |
| fixed length control field |
02606cam a2200301 i 4500 |
| 003 - CONTROL NUMBER IDENTIFIER |
| control field |
OSt |
| 005 - DATE AND TIME OF LATEST TRANSACTION |
| control field |
20260212174209.0 |
| 008 - FIXED-LENGTH DATA ELEMENTS--GENERAL INFORMATION |
| fixed length control field |
240628s2025 enk ob 001 0 eng |
| 020 ## - INTERNATIONAL STANDARD BOOK NUMBER |
| International Standard Book Number |
9781350411395 |
| Qualifying information |
ebook |
| 020 ## - INTERNATIONAL STANDARD BOOK NUMBER |
| Cancelled/invalid ISBN |
9781350411371 |
| Qualifying information |
HB |
| 020 ## - INTERNATIONAL STANDARD BOOK NUMBER |
| International Standard Book Number |
9781350411388 |
| Qualifying information |
epdf |
| 020 ## - INTERNATIONAL STANDARD BOOK NUMBER |
| International Standard Book Number |
9781350411395 |
| Qualifying information |
ebook |
| 035 ## - SYSTEM CONTROL NUMBER |
| System control number |
23870950 |
| 082 00 - DEWEY DECIMAL CLASSIFICATION NUMBER |
| Classification number |
306.4/7 |
| Edition number |
23/eng/20240919 |
| 100 1# - MAIN ENTRY--PERSONAL NAME |
| Personal name |
Frost, Christian, |
| Dates associated with a name |
1964- |
| Relator term |
author |
| Relator code |
aut |
| -- |
http://id.loc.gov/vocabulary/relators/aut |
| 245 10 - TITLE STATEMENT |
| Title |
Architecture and cultural continuity : |
| Remainder of title |
the making of festival, experience and historicity / |
| Statement of responsibility, etc |
Christian Frost. |
| 246 30 - VARYING FORM OF TITLE |
| Title proper/short title |
Making of festival, experience and historicity |
| 300 ## - PHYSICAL DESCRIPTION |
| Extent |
1 online resource. |
| 504 ## - BIBLIOGRAPHY, ETC. NOTE |
| Bibliography, etc |
Includes bibliographical references and index. |
| 505 2# - FORMATTED CONTENTS NOTE |
| Formatted contents note |
Architectural experience and festive experience -- The hermeneutics of architecture and festival -- The Florentine feast of San Giovanni, 24 June -- The origins and development of the city of Florence -- Culture, representation and the flowering of civic festival -- Architecture and ontology -- Civic culture, agonistic order and resistance -- Domestic life, language, knowledge and literature -- Architecture and the rule of movement: Hardwick Hall and the Pavillon Suisse -- Architecture, ornament and theatricality: Weltenburg Abbey and the Rockefeller Center -- Architecture, Orientalism and heritage: Leighton House and Beit Beirut -- Architecture, politics and landscape: Salisbury Chapter House and the Australian Parliament. |
| 520 ## - SUMMARY, ETC. |
| Summary, etc |
"Bridging together architecture and festival, ritual and community, past and present, Architecture and Cultural Continuity provides an interdisciplinary philosophical framework for evaluating architecture as experience rather than uniquely form. Utilising primarily the Festival of San Giovanni as a site of study, establishing the importance of cultural depth to architecture, both through its participation in such ritualised events, as well as when it is the background to everyday life. Global case studies - from Turkey to Japan, and from a range of different time periods - highlight how architecture can prioritise community and belonging. Will appeal to researchers in architectural history and theory and cultural studies"-- Provided by publisher. |
| 650 #0 - SUBJECT ADDED ENTRY--TOPICAL TERM |
| Topical term or geographic name as entry element |
Architecture and society |
| 650 #0 - SUBJECT ADDED ENTRY--TOPICAL TERM |
| Topical term or geographic name as entry element |
Architecture and history |
| 650 #0 - SUBJECT ADDED ENTRY--TOPICAL TERM |
| Topical term or geographic name as entry element |
Festivals |
| 650 #0 - SUBJECT ADDED ENTRY--TOPICAL TERM |
| Topical term or geographic name as entry element |
John the Baptist's Day |
| 776 1# - ADDITIONAL PHYSICAL FORM ENTRY |
| Display text |
Print version |
| Main entry heading |
Frost, Christian, 1964- |
| Title |
Architecture and cultural continuity |
| Place, publisher, and date of publication |
London: Bloomsbury Visual Arts, 2025 |
| Physical description |
xii, 320 pages 25 cm |
| International Standard Book Number |
9781350411371 |
| 942 ## - ADDED ENTRY ELEMENTS (KOHA) |
| Source of classification or shelving scheme |
|